MANAGEMENT OF ORGANIZATION BEHAVIOUR:leading human reasources (Record no. 2974)

MARC details
000 -LEADER
fixed length control field 00483nam a22001817a 4500
005 - DATE AND TIME OF LATEST TRANSACTION
control field 20180726143334.0
008 - FIXED-LENGTH DATA ELEMENTS--GENERAL INFORMATION
fixed length control field 160616b xxu||||| |||| 00| 0 eng d
020 ## - INTERNATIONAL STANDARD BOOK NUMBER
ISBN 81-07808-572-0
041 ## - LANGUAGE CODE
Language code of text/sound track or separate title eng
082 ## - DEWEY DECIMAL CLASSIFICATION NUMBER
Item number 8005
Classification number 658.3
100 ## - MAIN ENTRY--AUTHOR NAME
Personal name Hersey, Paul and others
245 ## - TITLE STATEMENT
Title MANAGEMENT OF ORGANIZATION BEHAVIOUR:leading human reasources
250 ## - EDITION STATEMENT
Edition statement 8th ed.
260 ## - PUBLICATION, DISTRIBUTION, ETC. (IMPRINT)
Place of publication Delhi
Name of publisher pearson education
Year of publication 2005
300 ## - PHYSICAL DESCRIPTION
Number of Pages 479p,
650 ## - SUBJECT ADDED ENTRY--TOPICAL TERM
Topical Term Management
942 ## - ADDED ENTRY ELEMENTS (KOHA)
Koha item type Books
Holdings
Lost status Damaged status Collection code Home library Current library Shelving location Date acquired Cost, normal purchase price Full call number Accession Number Koha item type
    MANAGEMENT JRU Library JRU Library SHELF-64-G 16/06/2016 195.00 658.3 8005 Books